000 00447nam a2200181Ia 4500
008 230711s9999||||xx |||||||||||||| ||und||
020 _a0-19-808353-x
041 _aENG
082 _a625.1
_bCH-R
100 _aChandra,Satish
245 0 _aRailway engineering
250 _a2nd . Ed.
260 _c2013
_aNew Delhi
_bOxford & IBH Publishing Co.Pvt.Ltd.
300 _a651
650 _aCivil Engineering
700 _aAgarwal.M.M
942 _cBK
999 _c5625
_d5625